000 00912nac a22002171u 4500
010 _a 96046975
020 _a0201553325
082 0 0 _a004.36
_bS5622
090 _c4094
_d4094
100 _aShuey, Richard L.
245 1 4 _aThe architecture of distributed computer systems :
_ba data engineering perspective on information systems /
_cRichard L. Shuey, David L. Spooner, and Ophir Frieder.
260 _aReading Mass. :
_bAddison Wesley Pub. Co.,1997
_c1997.
300 _axv, 401 p. :
_bill. ;
_c24 cm.
504 _aIncludes bibliographical references and index.
650 0 _aElectronic data processing
_xDistributed processing.
650 0 _aComputer architecture.
700 1 _aSpooner, David L.
700 1 _aFrieder, Ophir.
942 _cBB
_k004.36S5622
999 _c4094
_d4094